Glówne problemy zarzadzania finansami w warunkach transformacji polskiej gospodarki

Salvato in:
Dettagli Bibliografici
Altri autori: Pomorska, Alicja
Natura: Libro
Lingua:polacco
Pubblicazione: Lublin Wydawnictwo Uniwersytetu Marii Curie-Sklodowskiej 1997
Soggetti:
Tags: Aggiungi Tag
Nessun Tag, puoi essere il primo ad aggiungerne!!

MARC

LEADER 00000nam a2200000 4500
001 c117146
005 20221124074640.4
020 |a 83-227-1068-2 
041 0 |a pol 
044 |a PL 
245 1 0 |a Glówne problemy zarzadzania finansami  |b w warunkach transformacji polskiej gospodarki  |c pod redakcja Alicji Pomorskiej 
264 1 |a Lublin  |b Wydawnictwo Uniwersytetu Marii Curie-Sklodowskiej  |c 1997 
300 |a 154 s. 
610 2 0 |a financie 
610 2 0 |a hospodárenie finančné 
610 2 0 |a obce 
610 2 0 |a riadenie 
610 2 0 |a transformácia 
610 2 0 |a rozpočty 
610 2 0 |a financie verejné 
610 2 0 |a príjmy 
610 2 0 |a výdavky 
610 2 0 |a politika finančná 
610 2 0 |a politika komunálna 
610 2 0 |a politika regionálna 
610 2 0 |a reformy 
610 2 0 |a legislatíva 
610 2 0 |a samospráva 
610 2 0 |a politika regionálna 
610 2 0 |a Poľsko 
610 2 0 |a 1991-1995 
700 1 |a Pomorska, Alicja